000 00513nam a2200169Ia 4500
008 130318s9999 xx 000 0 und d
020 _a8178082438
082 _a004.62 SIN/W
100 _aSinghal, Sandeep
245 _aWireless application protocol: Writing applications for the mobile internet
260 _bPearson Education
_aNew Delhi
_c2005
300 _a698
650 _aCOMMUNICATION PROTOCOL
650 _aWIRELESS APPLICATION PROTOCOL
700 _aBridgman, Thomas
700 _aSuryanarayana, Lalitha
999 _c895
_d895